[Event "SR 3. liga A2 2012/2013"]
[Site "?"]
[Date "2012.10.21"]
[Round "2.4"]
[White "Lukacovic, Miroslav"]
[Black "Bahna, Jan"]
[Result "1/2-1/2"]
[WhiteElo "1997"]
[BlackElo "1943"]
[PlyCount "113"]
[EventDate "2012.??.??"]

1. d4 d5 2. c4 e6 3. Nc3 Nf6 4. Bg5 Be7 5. e3 h6 6. Bh4 O-O 7. Nf3 a6 8. Rc1
dxc4 9. Bxc4 b5 10. Bb3 Bb7 11. O-O Nbd7 12. Qe2 c5 13. Rfd1 cxd4 14. Nxd4 Qb6
15. f3 Rac8 16. Bf2 Rfd8 17. e4 Bc5 18. Rd2 Ne5 19. Rcd1 Rd7 20. Nc2 Bxf2+ 21.
Qxf2 Qxf2+ 22. Kxf2 Rcd8 23. Rxd7 Rxd7 24. Ke3 Kf8 25. a4 Rxd1 26. Nxd1 bxa4
27. Bxa4 Ke7 28. Kd4 Ned7 29. Bxd7 Nxd7 30. b4 e5+ 31. Kc4 Kd6 32. Nce3 Nb6+
33. Kd3 g6 34. Nb2 Bc6 35. Nbc4+ Nxc4 36. Nxc4+ Ke6 37. Ke3 f5 38. g3 g5 39.
exf5+ Kxf5 40. Nd6+ Ke6 41. Ne4 Bb5 42. Nc3 Bc6 43. h3 Bd7 44. Ne4 Bb5 45. Nc3
Bc6 46. f4 Bg2 47. fxg5 hxg5 48. Ne4 Kf5 49. Nd6+ Ke6 50. Ne4 Kf5 51. Nc5 Bf1
52. Kf3 Bb5 53. g4+ Kf6 54. Ne4+ Kg6 55. Ke3 Bf1 56. Nf2 Kf6 57. Ne4+ 1/2-1/2

[Event "SR 3. liga A2 2012/2013"]
[Site "?"]
[Date "2012.10.21"]
[Round "2.4"]
[White "Krist, Milan"]
[Black "Kolenak, Matus"]
[Result "0-1"]
[WhiteElo "1985"]
[BlackElo "1916"]
[PlyCount "58"]
[EventDate "2012.??.??"]

1. c4 e5 2. Nc3 Nf6 3. e3 c6 4. g3 d5 5. cxd5 cxd5 6. d4 e4 7. Bg2 Bd6 8. Nge2
Nc6 9. O-O O-O 10. f3 exf3 11. Bxf3 Bh3 12. Bg2 Bxg2 13. Kxg2 a6 14. Bd2 b5 15.
Rc1 Rc8 16. Nf4 Bxf4 17. Rxf4 Ne7 18. Qe2 Ng6 19. Rf3 Qd7 20. Rcf1 Rc6 21. a3
Re8 22. Qd3 Re7 23. Nd1 Qe6 24. Bb4 Rd7 25. Bd2 Ne4 26. Bb4 Qg4 27. Kh1 h5 28.
Nc3 h4 29. Nxd5 hxg3 0-1

[Event "SR 3. liga A2 2012/2013"]
[Site "?"]
[Date "2012.10.21"]
[Round "2.4"]
[White "Hagara, Vladimir"]
[Black "Mosny, Jaroslav"]
[Result "1/2-1/2"]
[WhiteElo "1909"]
[BlackElo "1923"]
[PlyCount "34"]
[EventDate "2012.??.??"]

1. d4 Nf6 2. c4 e5 3. dxe5 Ne4 4. a3 Nc6 5. Nf3 d6 6. e3 Bg4 7. Nbd2 Nxd2 8.
Bxd2 dxe5 9. Be2 Be7 10. Bc3 Bf6 11. O-O O-O 12. Qxd8 Rfxd8 13. Rfd1 Kf8 14.
Kf1 Ke7 15. Ke1 Bf5 16. Rxd8 Rxd8 17. Rd1 Rxd1+ 1/2-1/2

[Event "SR 3. liga A2 2012/2013"]
[Site "?"]
[Date "2012.10.21"]
[Round "2.4"]
[White "Bukovsky, Milan"]
[Black "Babirat, Michal"]
[Result "1-0"]
[WhiteElo "1956"]
[BlackElo "1760"]
[PlyCount "105"]
[EventDate "2012.??.??"]

1. c4 c5 2. Nc3 Nc6 3. Nf3 g6 4. e3 Bg7 5. d4 cxd4 6. exd4 e6 7. d5 exd5 8.
Nxd5 Nge7 9. Nc3 O-O 10. Be2 b6 11. Bf4 Bb7 12. O-O Nf5 13. Qd5 Na5 14. Qd3 Rc8
15. Nd2 Ba6 16. Rad1 Bxc4 17. Nxc4 Nxc4 18. Qxd7 Qxd7 19. Rxd7 Nxb2 20. Nb5 a5
21. Nd6 Nxd6 22. Bxd6 Rfd8 23. Rxd8+ Rxd8 24. Bc7 Rd2 25. Bb5 Bd4 26. Bf4 Rc2
27. Be3 Bxe3 28. fxe3 Nc4 29. Rf2 Nxe3 30. Rxc2 Nxc2 31. Kf2 Kf8 32. Ba4 Nb4
33. a3 Na6 34. Ke3 Ke7 35. Kd4 Kd6 36. Be8 f6 37. Kc4 Nc7 38. Bf7 Ke5 39. Bg8
h6 40. Bh7 g5 41. Bd3 f5 42. a4 g4 43. Be2 h5 44. Kd3 Ne8 45. Ke3 Nd6 46. g3
Ne4 47. Bb5 Nf6 48. Bc6 Nd5+ 49. Kd2 f4 50. gxf4+ Nxf4 51. Kc3 Ne6 52. Be8 h4
53. Bc6 {mobil} 1-0

[Event "SR 3. liga A2 2012/2013"]
[Site "?"]
[Date "2012.10.21"]
[Round "2.4"]
[White "Puskar, David"]
[Black "Klanica, Anton"]
[Result "1/2-1/2"]
[WhiteElo "1699"]
[BlackElo "1853"]
[PlyCount "101"]
[EventDate "2012.??.??"]

1. c4 Nf6 2. Nc3 e5 3. g3 c5 4. Bg2 Nc6 5. e3 Be7 6. Nge2 O-O 7. O-O Qb6 8. b3
d6 9. Bb2 Bf5 10. Na4 Qc7 11. Nac3 Bd3 12. Re1 Bxe2 13. Nxe2 Rad8 14. d4 Nd7
15. Qd2 Bf6 16. Rad1 Rfe8 17. d5 Ne7 18. Nc3 Ng6 19. Ne4 Be7 20. f4 f5 21. Nf2
exf4 22. exf4 Ngf8 23. Re3 Bf6 24. Rde1 Rxe3 25. Rxe3 Qc8 26. Qe2 Bxb2 27. Qxb2
Re8 28. Qe2 Nf6 29. Re7 Rxe7 30. Qxe7 Qd7 31. Qe2 Qe8 32. Qxe8 Nxe8 33. Bh3 g6
34. Nd3 Nf6 35. Nf2 Kg7 36. Bg2 N8d7 37. Kf1 h6 38. Ke2 g5 39. Ke3 Kg6 40. Bf3
a6 41. g4 fxg4 42. Bxg4 Nxg4+ 43. Nxg4 h5 44. Nf2 Nf6 45. fxg5 Kxg5 46. Kf3 Kf5
47. h3 b5 48. a3 bxc4 49. bxc4 Ke5 50. Ke3 Kf5 51. Kf3 1/2-1/2

[Event "SR 3. liga A2 2012/2013"]
[Site "?"]
[Date "2012.10.21"]
[Round "2.4"]
[White "Jancik, Ondrej"]
[Black "Benkovsky, Peter"]
[Result "1-0"]
[WhiteElo "1701"]
[BlackElo "1678"]
[PlyCount "125"]
[EventDate "2012.??.??"]

1. e4 e6 2. d4 d5 3. exd5 exd5 4. Bd3 Bd6 5. Ne2 Ne7 6. Nbc3 c6 7. Bf4 Bf5 8.
O-O O-O 9. Bxd6 Qxd6 10. Ng3 Bxd3 11. Qxd3 Nd7 12. Rfe1 Rfe8 13. Re3 Qg6 14.
Qe2 Kf8 15. Re1 Qf6 16. Qg4 Qd6 17. h3 g6 18. Qg5 Ng8 19. Rxe8+ Rxe8 20. Rxe8+
Kxe8 21. Nge2 Qe7 22. Qf4 Kd8 23. Qd2 Ngf6 24. f3 Nb6 25. b3 Nbd7 26. Nb1 b6
27. Nf4 Nf8 28. Nd3 Ne6 29. Ne5 Kc7 30. Nc3 Nd7 31. Ng4 f6 32. Ne3 Kb7 33. Ne2
Qa3 34. c4 Qd6 35. g3 a6 36. Kg2 h5 37. Qb2 a5 38. a3 Ka6 39. Qc2 f5 40. b4
axb4 41. cxd5 cxd5 42. Qa4+ Kb7 43. axb4 Qc6 44. Qb3 Nf6 45. b5 Qd7 46. Nc3
Nxd4 47. Qa4 Ne6 48. Qa6+ Kb8 49. Qxb6+ Kc8 50. Qa6+ Kd8 51. Qa8+ Qc8 52. Qxc8+
Kxc8 53. Nexd5 Nxd5 54. Nxd5 Kd7 55. b6 Kc6 56. Kf2 Nd8 57. Ne7+ Kxb6 58. Nxg6
Ne6 59. Ke3 Kc5 60. Nf4 Ng7 61. Nd3+ Kd5 62. Kf4 Ke6 63. Kg5 1-0

[Event "SR 3. liga A2 2012/2013"]
[Site "?"]
[Date "2012.10.21"]
[Round "2.4"]
[White "Dzurjaninova, Hana"]
[Black "Steinecker, Frantisek"]
[Result "1/2-1/2"]
[WhiteElo "1592"]
[BlackElo "1708"]
[PlyCount "84"]
[EventDate "2012.??.??"]

1. e4 d6 2. d4 Nf6 3. Nc3 g6 4. Nf3 Bg7 5. Bc4 O-O 6. O-O c6 7. Bf4 b5 8. Bd3
Na6 9. a3 Nc7 10. Qd2 Bg4 11. e5 Nfd5 12. Nxd5 Nxd5 13. Be4 Rc8 14. Bh6 f5 15.
Bxd5+ cxd5 16. Bxg7 Kxg7 17. Ng5 f4 18. h3 Bf5 19. c3 h6 20. Nf3 Be4 21. Qe2
Bxf3 22. Qxf3 dxe5 23. dxe5 e6 24. a4 bxa4 25. Rxa4 Qb6 26. Rxf4 Qxb2 27. Rxf8
Rxf8 28. Qe3 a5 29. Qa7+ Rf7 30. Qxa5 Qe2 31. f4 Qe3+ 32. Kh1 g5 33. Qb4 gxf4
34. Qd4 Qg3 35. Rf3 Qe1+ 36. Kh2 Qe4 37. Kg1 Rf5 38. Qa7+ Kg6 39. Qb8 Qxe5 40.
Qxe5 Rxe5 41. Rxf4 Re3 42. c4 dxc4 1/2-1/2

[Event "SR 3. liga A2 2012/2013"]
[Site "?"]
[Date "2012.10.21"]
[Round "2.5"]
[White "Malar, Pavol"]
[Black "Jablonicky, Frantisek"]
[Result "1/2-1/2"]
[WhiteElo "2118"]
[BlackElo "2173"]
[PlyCount "71"]
[EventDate "2012.??.??"]

1. e4 c6 2. d4 d5 3. Nd2 dxe4 4. Nxe4 Nf6 5. Ng5 Bg4 6. Qd3 e6 7. h4 Nbd7 8. f3
Bf5 9. Qb3 h6 10. N5h3 Qb6 11. c3 e5 12. Be3 Qxb3 13. axb3 exd4 14. Bxd4 Bc5
15. Ne2 O-O-O 16. b4 Bb6 17. Bxb6 axb6 18. Nd4 Rhe8+ 19. Kf2 Bh7 20. Nf4 Ne5
21. Be2 Kb8 22. Ra2 c5 23. Nb5 Nd3+ 24. Nxd3 Bxd3 25. Bxd3 Rxd3 26. Rha1 Rd2+
27. Kg1 Kc8 28. Ra8+ Kd7 29. Rxe8 Nxe8 30. bxc5 Rxb2 31. c4 bxc5 32. Rd1+ Kc8
33. Re1 Kd8 34. Rd1+ Kc8 35. Re1 Kd8 36. Rd1+ 1/2-1/2

[Event "SR 3. liga A2 2012/2013"]
[Site "?"]
[Date "2012.10.21"]
[Round "2.5"]
[White "Sekera, Branislav"]
[Black "Hertel, Ondrej"]
[Result "1-0"]
[WhiteElo "2153"]
[BlackElo "2079"]
[PlyCount "153"]
[EventDate "2012.??.??"]

1. d4 d5 2. Nf3 Nf6 3. Bg5 e6 4. e3 Nbd7 5. Nbd2 Be7 6. Bd3 h6 7. Bh4 O-O 8.
O-O b6 9. Kh1 Bb7 10. Rg1 Ne4 11. Bg3 Nxg3+ 12. hxg3 c5 13. c3 Bf6 14. Qe2 e5
15. dxe5 Nxe5 16. Nxe5 Bxe5 17. Nf3 Bf6 18. Rad1 Qe7 19. Bc2 Rfd8 20. Rd2 Rd6
21. Rgd1 Rad8 22. Ng1 Kf8 23. Bd3 a5 24. Qe1 Ba8 25. Nh3 g5 26. Qe2 Bg7 27. Ng1
Qb7 28. Be4 Qe7 29. Bf3 Bc6 30. g4 Qc7 31. Qd3 c4 32. Qb1 Ba4 33. Re1 Kg8 34.
Ne2 Qc8 35. Nd4 h5 36. Nf5 Re6 37. gxh5 Qc5 38. Nxg7 Kxg7 39. Rd4 Re5 40. b3
Bb5 41. bxc4 Bxc4 42. Red1 Rh8 43. Kg1 Rh6 44. g4 Rf6 45. Kg2 Kh6 46. R1d2 a4
47. Qd1 a3 48. Qa4 b5 49. Qa8 Kg7 50. Qa5 Qe7 51. Qb4 Rxe3 52. Qxe7 Rxe7 53.
Bxd5 Rb6 54. Be4 Rbe6 55. f3 Re5 56. Kg3 Be6 57. f4 gxf4+ 58. Kxf4 Bxg4 59. Rg2
f5 60. Bxf5 Rxf5+ 61. Kxg4 Ree5 62. Rf4 Rg5+ 63. Kf3 Rxg2 64. Kxg2 Re2+ 65. Rf2
Re3 66. Rc2 Kh6 67. Kf2 Rh3 68. Ke2 Kxh5 69. Kd1 Kg5 70. Rg2+ Kf4 71. Kc2 Ke4
72. Rd2 Rh8 73. Rd4+ Ke5 74. Kb3 Rh1 75. Kxa3 Rc1 76. Kb2 Rh1 77. Rb4 1-0

[Event "SR 3. liga A2 2012/2013"]
[Site "?"]
[Date "2012.10.21"]
[Round "2.5"]
[White "Bisco, Igor"]
[Black "Kavon, Rastislav"]
[Result "0-1"]
[WhiteElo "2143"]
[BlackElo "1943"]
[PlyCount "84"]
[EventDate "2012.??.??"]

1. e4 e5 2. Nf3 Nc6 3. Bb5 f5 4. d3 fxe4 5. dxe4 Nf6 6. Nbd2 Bc5 7. O-O d6 8.
c3 O-O 9. b4 Bb6 10. Nc4 Kh8 11. Nxb6 axb6 12. Qc2 Qe8 13. Ne1 Nxb4 14. Qe2 Nc6
15. f3 Bd7 16. Bd3 Ne7 17. Nc2 Ng6 18. Nb4 Be6 19. c4 Nd7 20. Nd5 Bxd5 21. cxd5
Nc5 22. Bc4 Nf4 23. Qc2 Rf6 24. Bxf4 exf4 25. Qc3 Qe5 26. Qxe5 dxe5 27. Rfd1
Rd6 28. Rac1 Kg8 29. Kf2 Kf8 30. Rc2 Ke7 31. Rb1 Rdd8 32. g3 Rf8 33. Kg2 Kd6
34. Be2 g5 35. g4 Ra3 36. Kf2 h5 37. h3 hxg4 38. hxg4 Rh8 39. Kg2 Nxe4 40. fxe4
Rg3+ 41. Kf2 Rh2+ 42. Ke1 Rg1+ 0-1

[Event "SR 3. liga A2 2012/2013"]
[Site "?"]
[Date "2012.10.21"]
[Round "2.5"]
[White "Jablonicky, Martin"]
[Black "Slamena, Michal"]
[Result "1-0"]
[WhiteElo "1827"]
[BlackElo "1986"]
[PlyCount "25"]
[EventDate "2012.??.??"]

1. e4 c5 2. c4 Nc6 3. Ne2 g6 4. d4 cxd4 5. Nxd4 Bg7 6. Be3 Nf6 7. f3 O-O 8. Nc3
Qb6 9. Qd2 Nxe4 10. Nxc6 Qxb2 11. Qxb2 Bxc3+ 12. Qxc3 Nxc3 13. Nxe7+ 1-0

[Event "SR 3. liga A2 2012/2013"]
[Site "?"]
[Date "2012.10.21"]
[Round "2.5"]
[White "Peska, Juraj"]
[Black "Lopatievov, Alexander"]
[Result "1-0"]
[WhiteElo "1928"]
[BlackElo "1937"]
[PlyCount "83"]
[EventDate "2012.??.??"]

1. c4 c6 2. Nc3 d5 3. e3 Nf6 4. Nf3 g6 5. d4 Bg7 6. Be2 O-O 7. O-O Nbd7 8. b3
Re8 9. Bb2 a6 10. Qc2 b5 11. a3 Bb7 12. c5 Ne4 13. Nxe4 dxe4 14. Ng5 h6 15.
Nxe4 f5 16. Nd2 Qc7 17. b4 e5 18. dxe5 Nxe5 19. Nf3 Rad8 20. Rad1 Bc8 21. Bxe5
Bxe5 22. Nxe5 Qxe5 23. Bf3 Qf6 24. h3 g5 25. Rxd8 Rxd8 26. Rd1 Rxd1+ 27. Qxd1
Kf7 28. Qd4 Qxd4 29. exd4 Bb7 30. Kf1 Ke6 31. Ke2 Kf6 32. Ke3 Ke6 33. g3 Kf6
34. h4 Ke6 35. hxg5 hxg5 36. Bd1 Kf6 37. g4 Ke6 38. gxf5+ Kxf5 39. Bc2+ Ke6 40.
Ke4 Kf6 41. Bd1 Ba8 42. Bg4 1-0

[Event "SR 3. liga A2 2012/2013"]
[Site "?"]
[Date "2012.10.21"]
[Round "2.5"]
[White "Mackovic, Miroslav"]
[Black "Gajarsky, Roman"]
[Result "1-0"]
[WhiteElo "1919"]
[BlackElo "1873"]
[PlyCount "83"]
[EventDate "2012.??.??"]

1. e4 c5 2. Nf3 Nc6 3. d4 cxd4 4. Nxd4 e6 5. Nb5 d6 6. Bf4 e5 7. Be3 a6 8. N5c3
f5 9. f3 Nf6 10. Bg5 fxe4 11. Bxf6 Qxf6 12. fxe4 Be6 13. Be2 O-O-O 14. Bf3 h5
15. Nd5 Qh6 16. Nbc3 g5 17. O-O Be7 18. b4 g4 19. Be2 Bg5 20. Qd3 Nd4 21. Nb6+
Kb8 22. Ncd5 h4 23. a4 g3 24. h3 Rhf8 25. b5 a5 26. Rad1 Nxe2+ 27. Qxe2 Bxd5
28. Nxd5 Rxf1+ 29. Rxf1 Rf8 30. Rxf8+ Qxf8 31. Qe1 Qc8 32. Qc3 Qxc3 33. Nxc3
Kc7 34. Nd5+ Kd7 35. Kf1 Ke6 36. Ke2 Kf7 37. Kf3 Kg6 38. Kg4 Bd8 39. Ne3 Bg5
40. Nc4 Be7 41. Nxa5 Kf6 42. Kxh4 1-0

[Event "SR 3. liga A2 2012/2013"]
[Site "?"]
[Date "2012.10.21"]
[Round "2.5"]
[White "Janas, Peter"]
[Black "Mackovic, Matus"]
[Result "0-1"]
[WhiteElo "1756"]
[BlackElo "1871"]
[PlyCount "116"]
[EventDate "2012.??.??"]

1. d4 Nf6 2. Nf3 g6 3. c4 Bg7 4. Nc3 O-O 5. Bf4 d6 6. Qd2 Nbd7 7. e3 Nh5 8. Bg3
e5 9. dxe5 Nxe5 10. Bxe5 dxe5 11. Be2 c6 12. Qc2 f5 13. O-O e4 14. Rfd1 Qe7 15.
Ne1 Be5 16. g3 Ng7 17. Ng2 Ne6 18. h4 Rd8 19. Rxd8+ Qxd8 20. Nf4 Nxf4 21. exf4
Bd4 22. Rd1 Qf6 23. Bf1 Be6 24. Ne2 Bc5 25. Qc3 Qxc3 26. Nxc3 Kf7 27. Na4 Be7
28. Nc3 Rd8 29. Rxd8 Bxd8 30. Be2 Bf6 31. Nd1 Ke7 32. Kf1 Kd6 33. b4 Bd4 34.
Ke1 a5 35. a3 axb4 36. axb4 c5 37. b5 Kc7 38. Kd2 Kb6 39. Kc2 Ka5 40. Kb3 Bf7
41. Ne3 Be6 42. Nd1 h6 43. Ne3 Bf6 44. Nd5 Bxd5 45. cxd5 Bd4 46. Kc4 Bxf2 47.
d6 Bxg3 48. d7 Bxh4 49. Kxc5 Bd8 50. Kd4 Kb6 51. Ke5 Kc7 52. Ke6 h5 53. b6+
Kxb6 54. Kf7 h4 55. Kxg6 h3 56. Bf1 h2 57. Bg2 e3 58. Kxf5 e2 0-1

[Event "SR 3. liga A2 2012/2013"]
[Site "?"]
[Date "2012.10.21"]
[Round "2.5"]
[White "Lezovic, Maros"]
[Black "Niznansky, Lukas"]
[Result "1-0"]
[WhiteElo "1762"]
[BlackElo "1674"]
[PlyCount "67"]
[EventDate "2012.??.??"]

1. e4 e5 2. Nf3 Nc6 3. Bc4 Bc5 4. c3 Nf6 5. b4 Be7 6. d4 exd4 7. e5 Ng4 8. Nxd4
Ngxe5 9. Nxc6 Nxc6 10. Qd5 O-O 11. f4 d6 12. f5 Ne5 13. Bd3 Nxd3+ 14. Qxd3 Bh4+
15. Kd1 Bd7 16. Nd2 Bg5 17. h4 Ba4+ 18. Nb3 Bxc1 19. Kxc1 Bc6 20. Rh2 Re8 21.
g4 Re4 22. b5 Re1+ 23. Kb2 Rxa1 24. Kxa1 Bd7 25. g5 Qe8 26. Re2 Qf8 27. f6 g6
28. Re7 Rd8 29. Qc4 c6 30. bxc6 Bxc6 31. Nd4 Re8 32. Ne6 d5 33. Qf4 fxe6 34.
f7+ 1-0

[Event "SR 3. liga A2 2012/2013"]
[Site "?"]
[Date "2012.10.21"]
[Round "2.6"]
[White "Kapusta, Petr"]
[Black "Sebesta, Radovan"]
[Result "1-0"]
[WhiteElo "2152"]
[BlackElo "2061"]
[PlyCount "57"]
[EventDate "2012.??.??"]

1. e4 c5 2. Nf3 Nc6 3. d4 cxd4 4. Nxd4 g6 5. Nc3 Bg7 6. Be3 Nf6 7. Be2 O-O 8.
Nb3 d6 9. O-O Be6 10. f4 Qc8 11. Kh1 Bg4 12. Nd4 Bxe2 13. Qxe2 Nxe4 14. Nxe4
Nxd4 15. Bxd4 Bxd4 16. c3 Bg7 17. f5 gxf5 18. Ng3 e6 19. Nh5 Be5 20. Rae1 Qc5
21. Rf3 Rfd8 22. Qd2 Kf8 23. Qg5 a5 24. Nf6 Bxf6 25. Qxf6 Qd5 26. Rh3 Qd2 27.
Rg1 Ke8 28. Rxh7 Kd7 29. Qxf7+ 1-0

[Event "SR 3. liga A2 2012/2013"]
[Site "?"]
[Date "2012.10.21"]
[Round "2.6"]
[White "Gasa, Patrik"]
[Black "Strakac, Petr"]
[Result "1-0"]
[WhiteElo "1906"]
[BlackElo "2066"]
[PlyCount "137"]
[EventDate "2012.??.??"]

1. d4 Nf6 2. c4 e5 3. dxe5 Ng4 4. Nf3 Nc6 5. Bf4 Bb4+ 6. Nbd2 Qe7 7. a3 Ngxe5
8. Nxe5 Nxe5 9. e3 Bxd2+ 10. Qxd2 d6 11. Be2 O-O 12. O-O b6 13. b4 Bb7 14. Rfd1
Ng6 15. Bg3 Rfe8 16. Rac1 Nh4 17. Bf1 Bc6 18. c5 dxc5 19. bxc5 b5 20. Qa5 Rac8
21. Qa6 Be4 22. Qxb5 Qg5 23. Qa4 Nf5 24. Rc4 Nxg3 25. hxg3 Qg6 26. Qxa7 Qc6 27.
Qa5 Re5 28. Rcd4 h6 29. Rc1 Ra8 30. Qc3 Qf6 31. Bd3 Bc6 32. Rf4 Qe7 33. Bc4 Rf8
34. Ba2 Kh8 35. Bb1 f5 36. g4 Be4 37. Bxe4 Rxe4 38. Rxe4 Qxe4 39. f3 Qc6 40.
gxf5 Rxf5 41. e4 Rg5 42. Kf2 Qg6 43. g4 Qf7 44. Ke3 Qa2 45. Qb4 Qh2 46. a4 h5
47. gxh5 Rg2 48. Qe1 Qxh5 49. a5 Ra2 50. Qh1 Rh2 51. Qf1 Ra2 52. Qh1 Rh2 53.
Qe1 Qh6+ 54. Kd4 Qf6+ 55. Ke3 g5 56. Qc3 Qxc3+ 57. Rxc3 Ra2 58. Rd3 Rxa5 59.
Rd8+ Kg7 60. Rd7+ Kf6 61. Rxc7 Ke5 62. Rf7 Ra3+ 63. Kf2 g4 64. Rf5+ Ke6 65.
fxg4 Rc3 66. g5 Rd3 67. c6 Rc3 68. g6 Rxc6 69. g7 1-0

[Event "SR 3. liga A2 2012/2013"]
[Site "?"]
[Date "2012.10.21"]
[Round "2.6"]
[White "Berger, Patrik"]
[Black "Lanik, Miroslav"]
[Result "1/2-1/2"]
[WhiteElo "1930"]
[BlackElo "1945"]
[PlyCount "68"]
[EventDate "2012.??.??"]

1. e4 c5 2. Nf3 d6 3. d4 cxd4 4. Nxd4 Nf6 5. Nc3 a6 6. Be2 e5 7. Nb3 Be7 8. O-O
O-O 9. Bf3 Be6 10. a4 Nc6 11. Re1 Rc8 12. a5 h6 13. Nd5 Bxd5 14. exd5 Nb8 15.
Be3 Nbd7 16. Be2 Ne4 17. Bd3 Nec5 18. Nxc5 Nxc5 19. Bf5 Rc7 20. b4 Nd7 21. Qg4
Nf6 22. Qg3 Nxd5 23. Bxh6 Bf6 24. Qg4 Ne7 25. Bd3 Qc8 26. Qe4 Ng6 27. Be3 Qe6
28. c4 Be7 29. g4 Rd7 30. Rad1 d5 31. cxd5 Qxd5 32. Qxd5 Rxd5 33. Bxg6 Rxd1 34.
Rxd1 fxg6 1/2-1/2

[Event "SR 3. liga A2 2012/2013"]
[Site "?"]
[Date "2012.10.21"]
[Round "2.6"]
[White "Palka, Martin"]
[Black "Hudacek, Josef"]
[Result "0-1"]
[WhiteElo "1884"]
[BlackElo "2067"]
[PlyCount "78"]
[EventDate "2012.??.??"]

1. e4 e5 2. Nf3 Nc6 3. Bb5 a6 4. Ba4 Nf6 5. O-O Nxe4 6. d4 b5 7. Bb3 d5 8. dxe5
Be6 9. Qe2 Na5 10. Rd1 c5 11. c3 c4 12. Bc2 Nc5 13. Nd4 Qc8 14. Nd2 Nc6 15.
N2f3 Be7 16. Nxc6 Qxc6 17. Nd4 Qc8 18. h3 O-O 19. f4 f5 20. exf6 Rxf6 21. f5
Bxf5 22. Bxf5 Qc7 23. Qg4 Raf8 24. Bf4 Qb6 25. Be5 R6f7 26. Kh1 Bf6 27. Bxf6
Rxf6 28. Rd2 g6 29. Bc2 Qd6 30. Nf3 Nd7 31. Rg1 Rf4 32. Qg5 Nb6 33. Qe5 Qc5 34.
Nd4 Nd7 35. Qe6+ R8f7 36. Nf3 R4f6 37. Qxd5 Qe3 38. Re1 Qf4 39. Ng5 Nb6 0-1

[Event "SR 3. liga A2 2012/2013"]
[Site "?"]
[Date "2012.10.21"]
[Round "2.6"]
[White "Harastova, Viera"]
[Black "Palka, Miroslav"]
[Result "1/2-1/2"]
[WhiteElo "1851"]
[BlackElo "1924"]
[PlyCount "48"]
[EventDate "2012.??.??"]

1. d4 d5 2. c4 e6 3. Nc3 Nf6 4. Bg5 c6 5. e3 Nbd7 6. Nf3 Qa5 7. Bxf6 Nxf6 8.
Bd3 Bb4 9. Qc2 dxc4 10. Bxc4 Nd5 11. Rc1 Be7 12. O-O Nxc3 13. Qxc3 Qxc3 14.
Rxc3 O-O 15. a3 b6 16. Ne5 Bb7 17. Rfc1 Bd6 18. Nd3 Rac8 19. b4 c5 20. bxc5
bxc5 21. dxc5 Be7 22. Bb5 Bf6 23. Rb3 Be4 24. f3 Bxd3 1/2-1/2

[Event "SR 3. liga A2 2012/2013"]
[Site "?"]
[Date "2012.10.21"]
[Round "2.6"]
[White "Skapikova, Lubica"]
[Black "Vepy, Ivan"]
[Result "1-0"]
[WhiteElo "1907"]
[BlackElo "1921"]
[PlyCount "75"]
[EventDate "2012.??.??"]

1. e4 e5 2. Nf3 Nc6 3. Bb5 a6 4. Ba4 Nf6 5. O-O b5 6. Bb3 Be7 7. Re1 O-O 8. c3
d6 9. d3 Bg4 10. h3 Bh5 11. Nbd2 h6 12. Nf1 Nh7 13. Ng3 Bg6 14. Bd5 Qd7 15. d4
Rad8 16. Qe2 Bf6 17. h4 h5 18. Bg5 exd4 19. cxd4 Nxg5 20. Bxc6 Qxc6 21. hxg5
Be7 22. Rac1 Qb7 23. d5 Rc8 24. Rc6 Rfe8 25. Qd2 Bd8 26. Nh4 Qa7 27. Kh1 Rb8
28. f4 Rb6 29. f5 Bh7 30. Qd4 Bxg5 31. Nxh5 f6 32. Nf3 Bh6 33. g4 Qb8 34. g5
fxg5 35. Nxg5 Bxf5 36. Rg1 Qd8 37. exf5 Re5 38. Nf3 1-0

[Event "SR 3. liga A2 2012/2013"]
[Site "?"]
[Date "2012.10.21"]
[Round "2.6"]
[White "Hrubsa, Marian"]
[Black "Zisek, Jaroslav"]
[Result "1-0"]
[WhiteElo "1820"]
[BlackElo "1857"]
[PlyCount "57"]
[EventDate "2012.??.??"]

1. e4 c5 2. Nf3 d6 3. d4 cxd4 4. Nxd4 Nf6 5. Nc3 a6 6. Be2 e6 7. O-O Qc7 8. Be3
Nbd7 9. a3 b5 10. Qe1 Bb7 11. f3 d5 12. exd5 Nxd5 13. Nxd5 Bxd5 14. Bd3 g6 15.
Rd1 Bg7 16. Qb4 Rc8 17. Ne2 Ne5 18. Nf4 Nxd3 19. cxd3 Bb7 20. Rc1 Qe7 21. Rxc8+
Bxc8 22. Bc5 Qd7 23. d4 Bb7 24. Re1 g5 25. Nh5 Rg8 26. Rc1 Bh8 27. Bd6 Bd5 28.
Rc7 Qd8 29. Re7+ 1-0

[Event "SR 3. liga A2 2012/2013"]
[Site "?"]
[Date "2012.10.21"]
[Round "2.6"]
[White "Fidericky, Milan"]
[Black "Vach, Jozef"]
[Result "1/2-1/2"]
[WhiteElo "1835"]
[BlackElo "1793"]
[PlyCount "39"]
[EventDate "2012.??.??"]

1. d4 Nf6 2. c4 e6 3. Nc3 d5 4. Bg5 Be7 5. e3 c6 6. Nf3 Nbd7 7. Rc1 O-O 8. Bd3
h6 9. Bh4 dxc4 10. Bxc4 b5 11. Bd3 Bb7 12. O-O a6 13. Qe2 c5 14. dxc5 Nxc5 15.
Bc2 Nfe4 16. Nxe4 Bxe4 17. Bxe4 Nxe4 18. Rfd1 Qe8 19. Bxe7 Qxe7 20. Rd4 1/2-1/2

[Event "SR 3. liga A2 2012/2013"]
[Site "?"]
[Date "2012.11.04"]
[Round "3.1"]
[White "Sebesta, Radovan"]
[Black "Jozefek, Michal"]
[Result "0-1"]
[WhiteElo "2061"]
[BlackElo "2060"]
[PlyCount "119"]
[EventDate "2012.??.??"]

1. d4 Nf6 2. c4 e6 3. Nc3 Bb4 4. Qc2 c5 5. dxc5 Na6 6. a3 Bxc3+ 7. Qxc3 Nxc5 8.
Bg5 Nce4 9. Bxf6 gxf6 10. Qc2 f5 11. Nf3 b6 12. g3 Bb7 13. Bg2 Qc7 14. O-O Rc8
15. b3 Rg8 16. Qb2 f6 17. Nd4 a6 18. e3 h5 19. Qe2 Rh8 20. Nf3 Kf7 21. Nh4 Rcg8
22. Rac1 Ng5 23. Bxb7 Qxb7 24. f3 Ke8 25. b4 Nf7 26. c5 Ne5 27. cxb6 Qxb6 28.
Rc8+ Ke7 29. Rxg8 Rxg8 30. Kg2 Qb5 31. Qxb5 axb5 32. Rc1 Nc4 33. Rc3 Ra8 34.
Ng6+ Kf7 35. Nf4 e5 36. Nxh5 Rxa3 37. Rxa3 Nxa3 38. Kf2 Nc2 39. Ke2 Nxb4 40. g4
fxg4 41. fxg4 d5 42. Ng3 Nc6 43. Nf5 b4 44. Kd3 Ne7 45. Ng3 Kg6 46. h4 f5 47.
g5 f4 48. exf4 exf4 49. Nf1 Nf5 50. Nd2 Nxh4 51. Kd4 f3 52. Kxd5 f2 53. Kc4 Nf3
54. Nf1 Kxg5 55. Kxb4 Kg4 56. Kc3 Kh3 57. Kd3 Kg2 58. Ne3+ Kg1 59. Ke2 Nd4+ 60.
Kd3 0-1

[Event "SR 3. liga A2 2012/2013"]
[Site "?"]
[Date "2012.11.04"]
[Round "3.1"]
[White "Spacek, Oliver"]
[Black "Gasa, Patrik"]
[Result "1-0"]
[WhiteElo "1977"]
[BlackElo "1906"]
[PlyCount "63"]
[EventDate "2012.??.??"]

1. d4 d5 2. c4 c6 3. Nf3 Nf6 4. e3 a6 5. Nbd2 Bg4 6. h3 Bh5 7. g4 Bg6 8. Ne5
Nfd7 9. Nxg6 hxg6 10. b3 e6 11. Bg2 Bb4 12. Bb2 Nf6 13. a3 Ba5 14. b4 Bc7 15.
g5 Ng8 16. h4 f5 17. f4 Qe7 18. c5 Nd7 19. a4 Kf7 20. Bf1 Qd8 21. Nb3 Ne7 22.
Kf2 Qb8 23. Kg3 b5 24. cxb6 Qxb6 25. Ba3 e5 26. Be2 exf4+ 27. exf4 Nc8 28. Nc5
Rd8 29. h5 Nxc5 30. hxg6+ Kg8 31. Rh8+ Kxh8 32. Qh1+ 1-0

[Event "SR 3. liga A2 2012/2013"]
[Site "?"]
[Date "2012.11.04"]
[Round "3.1"]
[White "Lanik, Miroslav"]
[Black "Hecko, Dusan"]
[Result "0-1"]
[WhiteElo "1945"]
[BlackElo "2073"]
[PlyCount "92"]
[EventDate "2012.??.??"]

1. e4 d5 2. exd5 Qxd5 3. Nc3 Qd6 4. d4 Nf6 5. Bd3 a6 6. Nge2 Bg4 7. f3 Bh5 8.
Bf4 Qd8 9. O-O e6 10. Ne4 Be7 11. c3 Nbd7 12. Qb3 b6 13. Rad1 O-O 14. Nxf6+
Nxf6 15. Ng3 Bg6 16. Ne4 Nd5 17. Bc1 b5 18. a3 c6 19. Qc2 Re8 20. Rfe1 Ra7 21.
c4 bxc4 22. Qxc4 Qb6 23. Nc5 Bxc5 24. dxc5 Qb8 25. Be4 Rd8 26. Bxd5 Rxd5 27.
Rxd5 cxd5 28. Qf4 Qc8 29. b4 Rc7 30. Bb2 Rc6 31. Rd1 f6 32. Qg3 Qd8 33. Qf2 e5
34. a4 d4 35. Ba3 Qd5 36. b5 axb5 37. axb5 Qb3 38. Qf1 Rc8 39. Ra1 Bd3 40. Qc1
Qxb5 41. Qd2 Qb3 42. Qb4 Qxb4 43. Bxb4 Rb8 44. c6 Rxb4 45. c7 Bf5 46. Ra8+ Kf7
0-1

[Event "SR 3. liga A2 2012/2013"]
[Site "?"]
[Date "2012.11.04"]
[Round "3.1"]
[White "Diviak, Rastislav"]
[Black "Palka, Martin"]
[Result "1/2-1/2"]
[WhiteElo "2017"]
[BlackElo "1884"]
[PlyCount "73"]
[EventDate "2012.??.??"]

1. Nf3 d5 2. g3 Nf6 3. Bg2 e6 4. O-O Be7 5. d3 O-O 6. Nbd2 Nbd7 7. c4 Re8 8. b3
c6 9. Bb2 Bd6 10. d4 e5 11. dxe5 Nxe5 12. cxd5 cxd5 13. Nxe5 Bxe5 14. Bxe5 Rxe5
15. Nf3 Re8 16. Nd4 Bd7 17. Qd3 Rc8 18. Rac1 Qa5 19. a4 a6 20. Rfd1 Rxc1 21.
Rxc1 Rc8 22. Rxc8+ Bxc8 23. e3 Qc5 24. Qc2 Qxc2 25. Nxc2 b6 26. Nb4 Bb7 27. Bf1
a5 28. Nc2 Kf8 29. Nd4 g6 30. Bb5 Ke7 31. f3 Kd6 32. Kf2 Nd7 33. Ke2 Nc5 34.
Kd2 Bc8 35. Kc3 Be6 36. b4 axb4+ 37. Kxb4 1/2-1/2